| Tag |
First Indicator |
Second Indicator |
Subfields |
| LEADER |
00000cam a2200000 a 4500 |
| 001 |
in00002205721 |
| 005 |
20151104105516.0 |
| 008 |
060525s2006 enk b 001 0 eng |
| 015 |
|
|
|a GBA650889
|2 bnb
|
| 016 |
7 |
|
|a 013480190
|2 Uk
|
| 020 |
|
|
|a 0745633900 (hbk.)
|
| 020 |
|
|
|a 0745633919 (pbk.)
|
| 024 |
3 |
|
|c 9780745633909 (hbk.)
|
| 024 |
3 |
|
|c 9780745633916 (pbk.)
|
| 029 |
1 |
|
|a NLGGC
|b 295824212
|
| 029 |
1 |
|
|a YDXCP
|b 100439043
|
| 029 |
1 |
|
|a YDXCP
|b 2438980
|
| 035 |
|
|
|a (OCoLC)ocm69732621
|
| 035 |
|
|
|a (OCoLC)69732621
|
| 040 |
|
|
|a UKM
|c UKM
|d BAKER
|d BWKUK
|d YDXCP
|d OCLCQ
|d UtOrBLW
|
| 049 |
|
|
|a TXAM
|
| 050 |
|
4 |
|a D25
|b .M67 2006
|
| 082 |
0 |
4 |
|a 355.009
|2 22
|
| 100 |
1 |
|
|a Morillo, Stephen.
|
| 245 |
1 |
0 |
|a What is military history? /
|c Stephen Morillo ; with Michael F. Pavkovic.
|
| 264 |
|
1 |
|a Cambridge, UK ;
|a Malden, MA :
|b Polity,
|c 2006.
|
| 300 |
|
|
|a vi, 150 pages ;
|c 23 cm.
|
| 336 |
|
|
|a text
|b txt
|2 rdacontent
|
| 337 |
|
|
|a unmediated
|b n
|2 rdamedia
|
| 338 |
|
|
|a volume
|b nc
|2 rdacarrier
|
| 504 |
|
|
|a Includes bibliographical references (pages [117]-142) and index.
|
| 541 |
0 |
|
|a 20646
|
| 650 |
|
0 |
|a Military history.
|
| 650 |
|
0 |
|a Military history
|x Study and teaching.
|
| 700 |
1 |
|
|a Pavkovic, Michael F.
|
| 938 |
|
|
|a Baker & Taylor
|b BKTY
|c 49.95
|d 49.95
|i 0745633900
|n 0006732846
|s active
|
| 938 |
|
|
|a Baker & Taylor
|b BKTY
|c 19.95
|d 19.95
|i 0745633919
|n 0006732847
|s active
|
| 938 |
|
|
|a YBP Library Services
|b YANK
|n 100439043
|
| 945 |
|
|
|a PromptCat
|
| 946 |
|
|
|a stk
|
| 947 |
|
|
|a A14835463175
|
| 948 |
|
|
|a cataloged
|b h
|c 2006/12/28
|d c
|e rbarron
|f 2:13:34 pm
|
| 994 |
|
|
|a 92
|b TXA
|
| 999 |
|
|
|a MARS
|
| 999 |
f |
f |
|s f865e6d0-0080-3650-95a9-b583f3948911
|i 74d64938-8e3d-359c-aaa5-cf6141520a8a
|t 0
|
| 952 |
f |
f |
|p normal
|a Texas A&M University
|b College Station
|c Sterling C. Evans Library
|d Evans: Library Stacks
|t 0
|e D25 .M67 2006
|h Library of Congress classification
|i unmediated -- volume
|m A14835463175
|
| 998 |
f |
f |
|a D25 .M67 2006
|t 0
|l Evans: Library Stacks
|